000 00344nam a22001337a 4500
003 OSt
005 20231124213101.0
008 231124b |||||||| |||| 00| 0 eng d
040 _cCO-JMCR
082 _aN /
_bCAVm
100 _aCavendish Margaret
_eAutor
_942941
245 _aEl mundo resplandeciente /
_cMargaret Cavendish
942 _2ddc
_cBK
999 _c30337
_d16721